Statistics for National Poets

Click here to take the quiz!

General Stats

  • This quiz has been taken 157 times
  • The average score is 12 of 16

Answer Stats

PoetNation% Correct
Victor HugoFrance
96%
William ShakespeareEngland
95%
Miguel de CervantesSpain
95%
Walt WhitmanUSA
93%
Johann Wolfgang von GoetheGermany
92%
HomerGreece
91%
Dante AlighieriItaly
88%
William Butler YeatsIreland
87%
Robert BurnsScotland
74%
Adam MickiewiczPoland
71%
Jorge Luis BorgesArgentina
68%
Franz GrillparzerAustria
66%
Gottfried KellerSwitzerland
55%
RumiIran
38%
Chinua AchebeNigeria
36%
Khalil GibranLebanon
25%

Score Distribution

Percentile by Number Answered

Percent of People with Each Score

Your Score History

You have not taken this quiz